Soul Knight: Character Classes - Statistics

General Stats
  • This quiz has been taken 9 times
  • The average score is 25 of 32
Answer Stats
Answer % Correct
Knight
100%
Paladin
100%
Witch
100%
Airbender
89%
Alchemist
89%
Assassin
89%
Berserker
89%
Elf
89%
Necromancer
89%
Officer
89%
Priestess
89%
Robot
89%
Arcane Knight
78%
Costume Prince
78%
Demonmancer
78%
Druid
78%
Engineer
78%
Rogue
78%
Sword Master
78%
Trap Master
78%
Warliege
78%
Beheaded
67%
Element Envoy
67%
Inter-dimension Traveler
67%
Lancer
67%
Physicist
67%
Taoist
67%
Vampire
67%
Werewolf
67%
Miner
56%
Special Forces
56%
Time Traveling Ninja
56%
No matching quizzes found
Score Distribution
Percent of People with Each Score
Percentile by Number Answered
Your Score History
You have not taken this quiz